[Event "IX Weekend U16"]
[Site "Porto Sant'Elpidio ITA"]
[Date "2006.11.19"]
[Round "2"]
[White "Miandro, Steven"]
[Black "Balzano, Filli"]
[Result "1-0"]
[WhiteElo "1497"]
[BlackElo "1440"]
[PlyCount "111"]
[EventDate "2006.11.18"]

1. d4 c6 2. c4 d5 3. Nc3 e6 4. cxd5 exd5 5. Bf4 Bd6 6. Bxd6 Qxd6 7. e3 Nf6 8.
Bd3 Be6 9. Nge2 Nbd7 10. O-O O-O 11. Qc2 Rfe8 12. f3 Qc7 13. Na4 Rad8 14. Nc5
Nxc5 15. Qxc5 b6 16. Qc2 c5 17. Rac1 Rc8 18. Ba6 Rcd8 19. dxc5 bxc5 20. Qxc5
Qxc5 21. Rxc5 Rb8 22. b3 Bc8 23. Bxc8 Rbxc8 24. Rxc8 Rxc8 25. Rc1 Re8 26. Kf2
h6 27. Rc7 Ra8 28. a4 Rb8 29. Nd4 Ra8 30. Nc6 a6 31. Ke2 Ne8 32. Rd7 Nf6 33.
Rd6 a5 34. Ne7+ Kf8 35. Nxd5 Nxd5 36. Rxd5 Rb8 37. Rd3 Ke7 38. Kd2 Rc8 39. Rd5
Rb8 40. Kc2 Rc8+ 41. Kb2 Ra8 42. Ka3 Ke6 43. Rb5 Ra7 44. b4 axb4+ 45. Kxb4 Rd7
46. a5 Ra7 47. Rb6+ Kd7 48. Kb5 Kc7 49. e4 Ra8 50. a6 Ra7 51. f4 Kd7 52. e5 Ra8
53. Rb7+ Kc8 54. Rxf7 Rb8+ 55. Kc6 Kd8 56. Rf8+ 1-0

[Event "IX Weekend U16"]
[Site "Porto Sant'Elpidio ITA"]
[Date "2006.11.19"]
[Round "2"]
[White "Tommasi, Fabio"]
[Black "Bastarelli, Lorenzo"]
[Result "1-0"]
[WhiteElo "1419"]
[BlackElo "1356"]
[PlyCount "53"]
[EventDate "2006.11.18"]

1. e4 e5 2. Nf3 Nc6 3. Bc4 Bc5 4. d3 Nf6 5. O-O d5 6. exd5 Nxd5 7. Re1 f6 8. d4
Bb4 9. c3 Bd6 10. Bxd5 Bd7 11. dxe5 fxe5 12. Ng5 Ne7 13. Nf7 Qc8 14. Nxh8 c6
15. Nf7 Qc7 16. Bc4 b5 17. Nxd6+ Kd8 18. Nf7+ Ke8 19. Bb3 c5 20. Nxe5 c4 21.
Bc2 Rd8 22. Bxh7 Kf8 23. Qf3+ Bf5 24. Bxf5 Nxf5 25. Qxf5+ Ke8 26. Nc6+ Qe7 27.
Rxe7# 1-0

[Event "IX Weekend U16"]
[Site "Porto Sant'Elpidio ITA"]
[Date "2006.11.19"]
[Round "2"]
[White "Zucca, Edoardo"]
[Black "Giampieri, Stefano"]
[Result "1-0"]
[WhiteElo "1374"]
[BlackElo "1410"]
[PlyCount "67"]
[EventDate "2006.11.18"]

1. e4 e5 2. Nf3 Nc6 3. Nc3 b6 4. Bc4 Bc5 5. a3 d6 6. b4 Bd4 7. Nxd4 Nxd4 8. Nd5
Be6 9. d3 c6 10. c3 b5 11. Ba2 cxd5 12. exd5 Bf5 13. cxd4 exd4 14. O-O Nf6 15.
Re1+ Kf8 16. Bb2 Qb6 17. Qf3 Bg4 18. Qf4 Rc8 19. Bxd4 Qc7 20. Bxf6 gxf6 21.
Qxg4 Rg8 22. Qf5 Rg6 23. Qf4 Qd7 24. Re3 Qc7 25. Ree1 Qc2 26. Rac1 Qxa2 27.
Rxc8+ Kg7 28. Kf1 Qxd5 29. g3 Qxd3+ 30. Kg2 Qxa3 31. Ree8 h6 32. Rg8+ Kh7 33.
Rh8+ Kg7 34. Rcg8# 1-0

[Event "IX Weekend U16"]
[Site "Porto Sant'Elpidio ITA"]
[Date "2006.11.19"]
[Round "3"]
[White "Angeloni, Michele"]
[Black "Giampieri, Stefano"]
[Result "1-0"]
[WhiteElo "1401"]
[BlackElo "1410"]
[PlyCount "117"]
[EventDate "2006.11.18"]

1. e4 e5 2. Nf3 Nc6 3. Bc4 b6 4. O-O Nf6 5. Nc3 Bb4 6. d3 O-O 7. Nd5 d6 8. c3
Bc5 9. b4 Nxd5 10. Bxd5 Bb7 11. bxc5 bxc5 12. Rb1 Qc8 13. Nh4 Rb8 14. Qf3 Ne7
15. Rxb7 Rxb7 16. Bxb7 Qxb7 17. Qg3 g6 18. Nf5 Nxf5 19. exf5 Qd5 20. c4 Qb7 21.
fxg6 fxg6 22. Bh6 Rf7 23. f3 Qb2 24. Qf2 Qd4 25. Qxd4 cxd4 26. Rb1 Rf5 27. Rb8+
Kf7 28. Rf8+ Ke6 29. Rc8 c5 30. Ra8 Rf7 31. Bf8 Kd7 32. Rxa7+ Ke6 33. Rxf7 Kxf7
34. Bxd6 Ke6 35. Bxc5 h5 36. a4 Kd7 37. Kf2 Kc6 38. Bb4 Kb6 39. Kg3 g5 40. h4
gxh4+ 41. Kxh4 Kb7 42. Kxh5 Ka8 43. g4 Kb8 44. g5 e4 45. f4 e3 46. g6 e2 47. g7
Kb7 48. g8=Q e1=Q 49. Bxe1 Kc6 50. Qd5+ Kc7 51. Ba5+ Kb8 52. Bb4 Kc7 53. Qd6+
Kb7 54. f5 Ka8 55. f6 Kb7 56. f7 Ka7 57. f8=R Kb7 58. Rf7+ Ka8 59. Qd8# 1-0

[Event "IX Weekend U16"]
[Site "Porto Sant'Elpidio ITA"]
[Date "2006.11.19"]
[Round "3"]
[White "Balzano, Filli"]
[Black "Marconi, Gabriele"]
[Result "0-1"]
[WhiteElo "1440"]
[BlackElo "1404"]
[PlyCount "62"]
[EventDate "2006.11.18"]

1. e4 e5 2. Nf3 Nc6 3. d4 d5 4. dxe5 dxe4 5. Qxd8+ Nxd8 6. Nfd2 f5 7. f4 Bc5 8.
Nc3 Ne7 9. Bc4 Ndc6 10. Nb3 Bd4 11. Bd2 b6 12. O-O-O Bb7 13. Nb5 O-O-O 14.
N3xd4 Nxd4 15. Nxa7+ Kb8 16. Nb5 Nxb5 17. Bxb5 Nd5 18. Kb1 e3 19. Bc3 Nxf4 20.
g3 Bxh1 21. Rxh1 Nd5 22. Bd4 c5 23. Bc3 Nxc3+ 24. bxc3 Rd5 25. Re1 Rxe5 26. Bc6
Rd8 27. Bf3 Rd2 28. Re2 Rxe2 29. Bxe2 Rd5 30. Kb2 Rd2 31. Bf3 e2 0-1

[Event "IX Weekend U16"]
[Site "Porto Sant'Elpidio ITA"]
[Date "2006.11.19"]
[Round "3"]
[White "Bastarelli, Marco"]
[Black "Illuminati Petrella, Daniele"]
[Result "0-1"]
[WhiteElo "1452"]
[BlackElo "1458"]
[PlyCount "50"]
[EventDate "2006.11.18"]

1. e4 d6 2. Nc3 Nf6 3. Bc4 g6 4. Nf3 Bg7 5. d3 O-O 6. Be3 Nbd7 7. O-O b6 8. h3
Bb7 9. Qd2 e6 10. Bh6 d5 11. exd5 exd5 12. Bb3 Nc5 13. Rfe1 Nxb3 14. axb3 d4
15. Nb5 Bxf3 16. gxf3 a6 17. Na3 Qd7 18. Kh2 Rfe8 19. c3 dxc3 20. bxc3 Rxe1 21.
Rxe1 Qd6+ 22. Bf4 Qxa3 23. b4 Qa4 24. Bxc7 Qd7 25. Bxb6 Qd6+ 0-1

[Event "IX Weekend U16"]
[Site "Porto Sant'Elpidio ITA"]
[Date "2006.11.19"]
[Round "3"]
[White "Binci, Filippo"]
[Black "Balzano, Aldo"]
[Result "0-1"]
[WhiteElo "1497"]
[BlackElo "1503"]
[PlyCount "118"]
[EventDate "2006.11.18"]

1. d4 Nf6 2. Nf3 g6 3. e3 Bg7 4. Bd3 O-O 5. O-O d6 6. b3 Nc6 7. Bb2 e5 8. dxe5
dxe5 9. e4 Nh5 10. c4 Nf4 11. Be2 Qxd1 12. Bxd1 Rd8 13. Nc3 Ne6 14. Ne2 Ncd4
15. Nexd4 Nxd4 16. Nxd4 exd4 17. Bf3 Rb8 18. Rfd1 c5 19. Ba3 b6 20. Bc1 Rb7 21.
Bf4 h6 22. h3 Re7 23. Rd2 Bb7 24. Re1 Rde8 25. Rde2 h5 26. Bg3 Re6 27. Kh2 R6e7
28. Bh4 f6 29. Kh1 Kf7 30. g3 Bh6 31. g4 d3 32. Rb2 d2 33. Rd1 Bxe4 34. Bxe4
Rxe4 35. Kg2 Re1 36. Rbxd2 Bxd2 37. Rxd2 g5 38. Bg3 h4 39. Bh2 Kg6 40. Rd7 R8e7
41. Rd2 R1e2 42. Rd3 Rxa2 43. Bd6 Ree2 44. Rf3 Re6 45. Bc7 Re7 46. Bd8 Rf7 47.
Rf5 Rd2 48. Bxb6 axb6 49. Rf3 f5 50. gxf5+ Rxf5 51. Rxf5 Kxf5 52. Kf3 Rd3+ 53.
Ke2 Rxh3 54. Kf1 Rxb3 55. Kg2 h3+ 56. Kh2 g4 57. f3 Rxf3 58. Kg1 g3 59. Kh1
Rf1# 0-1

[Event "IX Weekend U16"]
[Site "Porto Sant'Elpidio ITA"]
[Date "2006.11.19"]
[Round "3"]
[White "Binci, Luca"]
[Black "Miandro, Steven"]
[Result "1-0"]
[WhiteElo "1473"]
[BlackElo "1497"]
[PlyCount "155"]
[EventDate "2006.11.18"]

1. d4 Nf6 2. Nf3 g6 3. e3 Bg7 4. Bd3 O-O 5. O-O d6 6. b3 Nbd7 7. Bb2 Re8 8. c4
e5 9. Be2 exd4 10. exd4 c6 11. Nc3 a6 12. Qc2 b5 13. a3 bxc4 14. bxc4 Bb7 15.
Bd3 Qc7 16. Rfe1 Nb6 17. Rad1 Rad8 18. Rxe8+ Rxe8 19. Re1 Rxe1+ 20. Nxe1 Qe7
21. Nf3 Nh5 22. Qe2 Qxe2 23. Bxe2 Nf4 24. Bf1 Ne6 25. Nd1 Na4 26. Ba1 c5 27. d5
Bxa1 28. dxe6 fxe6 29. Ng5 Bc8 30. Ne4 Be5 31. Ne3 Nc3 32. Nd2 d5 33. Nb3 d4
34. Ng4 Bd6 35. Nf6+ Kf7 36. Nxh7 Bd7 37. Ng5+ Kf6 38. Nf3 Nb1 39. Nfd2 Nxa3
40. Ne4+ Ke5 41. Nexc5 Bc8 42. f3 Nc2 43. Bd3 Ne3 44. Ne4 Bb4 45. Ned2 Kf6 46.
Nf1 Nxf1 47. Kxf1 a5 48. Nxd4 a4 49. Bb1 Ba6 50. Ba2 e5 51. Nc2 Kf5 52. Nxb4
Bb7 53. Ke2 e4 54. fxe4+ Kxe4 55. g3 Kd4 56. Nc2+ Kc3 57. Bb1 Kb2 58. Na3 Kxa3
59. Bxg6 Kb4 60. Bf7 a3 61. c5 Ba6+ 62. Kd2 Kxc5 63. Kc3 Bb7 64. Kb3 Bd5+ 65.
Bxd5 Kxd5 66. Kxa3 Ke5 67. Kb3 Kf5 68. Kc3 Kg4 69. Kd3 Kf3 70. h4 Kg4 71. Ke4
Kh5 72. Kf5 Kh6 73. g4 Kh7 74. Kf6 Kh8 75. Kf7 Kh7 76. g5 Kh8 77. h5 Kh7 78.
g6+ 1-0

[Event "IX Weekend U16"]
[Site "Porto Sant'Elpidio ITA"]
[Date "2006.11.19"]
[Round "3"]
[White "Capponi, Alessio"]
[Black "Ferretti, Francesco Maria"]
[Result "1-0"]
[WhiteElo "1440"]
[BlackElo "1449"]
[PlyCount "47"]
[EventDate "2006.11.18"]

1. e4 e5 2. Nf3 Nc6 3. Bb5 Bc5 4. O-O d6 5. Nc3 Bd7 6. Bc4 Nf6 7. d3 O-O 8. Bg5
h6 9. Bh4 a6 10. h3 b5 11. Bd5 g5 12. Bg3 b4 13. Na4 Nxd5 14. exd5 Nd4 15. Nxc5
dxc5 16. Nxd4 cxd4 17. Bxe5 c5 18. Bd6 Re8 19. Re1 Qb6 20. Rxe8+ Rxe8 21. Bg3
Qb7 22. Qf3 Rd8 23. Be5 Bc8 24. Qf6 1-0

[Event "IX Weekend U16"]
[Site "Porto Sant'Elpidio ITA"]
[Date "2006.11.19"]
[Round "3"]
[White "Marconi, Luca"]
[Black "Donati, Michele"]
[Result "1-0"]
[WhiteElo "1527"]
[BlackElo "1347"]
[PlyCount "53"]
[EventDate "2006.11.18"]

1. d4 d5 2. Nf3 Nc6 3. e3 Nf6 4. Bb5 Bd7 5. O-O e6 6. b3 g6 7. Bb2 Bg7 8. Nbd2
O-O 9. c4 dxc4 10. bxc4 a6 11. Bxc6 Bxc6 12. Qe2 b5 13. Ne5 Be8 14. Ba3 bxc4
15. Bxf8 Bxf8 16. Ndxc4 Bb5 17. a4 Bd7 18. Nxd7 Qxd7 19. Qf3 Bg7 20. Qxa8+ Ne8
21. Qxa6 Qd5 22. Qb5 Qa8 23. Rfb1 Nf6 24. Qb8+ Qxb8 25. Rxb8+ Bf8 26. a5 Kg7
27. a6 1-0

[Event "IX Weekend U16"]
[Site "Porto Sant'Elpidio ITA"]
[Date "2006.11.19"]
[Round "3"]
[White "Santanafessa, Mattia"]
[Black "Gasparini, Diletta"]
[Result "0-1"]
[WhiteElo "1356"]
[BlackElo "1431"]
[PlyCount "90"]
[EventDate "2006.11.18"]

1. e4 d6 2. Nf3 Nc6 3. g3 Nf6 4. Nc3 g6 5. Bg2 Bg7 6. O-O O-O 7. d3 e5 8. Be3
h6 9. Qd2 Ng4 10. h3 Nxe3 11. Qxe3 Nd4 12. Qd2 Bxh3 13. Nxd4 exd4 14. Bxh3 dxc3
15. bxc3 b5 16. Rab1 a6 17. c4 Rb8 18. Rb2 Bxb2 19. Qxh6 Bg7 20. Qd2 bxc4 21.
dxc4 Rb2 22. a3 Ra2 23. Qc1 Ra1 24. Qe3 Rxf1+ 25. Kxf1 Qf6 26. f4 Qc3 27. Qa7
Qxg3 28. Bg2 Qxa3 29. Qxc7 Qc1+ 30. Kf2 Qxf4+ 31. Bf3 Bd4+ 32. Kg2 Be5 33. Kf2
d5 34. Qc6 dxe4 35. Qxe4 Qxe4 36. Bxe4 a5 37. Bc6 Rc8 38. Bb5 a4 39. Bxa4 Rxc4
40. Bb3 Rc7 41. Kf3 Kh7 42. Ke4 Ba1 43. Kf3 Kh6 44. Kg4 g5 45. Ba4 Rc4+ 0-1

[Event "IX Weekend U16"]
[Site "Porto Sant'Elpidio ITA"]
[Date "2006.11.19"]
[Round "3"]
[White "Zucca, Edoardo"]
[Black "Tommasi, Fabio"]
[Result "1/2-1/2"]
[WhiteElo "1374"]
[BlackElo "1419"]
[PlyCount "60"]
[EventDate "2006.11.18"]

1. e4 e5 2. Nf3 Nc6 3. Nc3 Bc5 4. Bc4 Nf6 5. a3 O-O 6. b4 Bb6 7. d3 d6 8. Na4
Bd4 9. Nxd4 Nxd4 10. c3 Ne6 11. Be3 b6 12. O-O c5 13. h3 Bd7 14. Nb2 b5 15. Bb3
cxb4 16. axb4 Qc7 17. Qd2 Rfc8 18. Rfc1 h6 19. Nd1 Nh5 20. Bd5 Bc6 21. Bxc6
Qxc6 22. Bxa7 Nhf4 23. Be3 d5 24. exd5 Qxd5 25. Bxf4 Nxf4 26. Ne3 Qxd3 27. Qxd3
Nxd3 28. Rxa8 Rxa8 29. Rd1 e4 30. f3 Nb2 1/2-1/2

[Event "IX Weekend U16"]
[Site "Porto Sant'Elpidio ITA"]
[Date "2006.11.25"]
[Round "4"]
[White "Balzano, Aldo"]
[Black "Binci, Luca"]
[Result "1-0"]
[WhiteElo "1503"]
[BlackElo "1473"]
[PlyCount "59"]
[EventDate "2006.11.18"]

1. d4 Nf6 2. c4 g6 3. Nc3 Bg7 4. e4 d6 5. f3 Nbd7 6. Be3 c6 7. Qd2 O-O 8. O-O-O
Qc7 9. Kb1 e5 10. d5 cxd5 11. cxd5 a6 12. Rc1 Qd8 13. Bh6 Rb8 14. h4 b5 15. h5
Nxh5 16. g4 Nhf6 17. Bxg7 Kxg7 18. Qh6+ Kg8 19. g5 Nh5 20. Nge2 Re8 21. Bh3 Nf8
22. Bxc8 Rxc8 23. Rcf1 f6 24. f4 Qe7 25. Rxh5 gxh5 26. gxf6 Qf7 27. Rg1+ Kh8
28. Rg7 Qg6 29. Rxg6 Nxg6 30. Qg7# 1-0

[Event "IX Weekend U16"]
[Site "Porto Sant'Elpidio ITA"]
[Date "2006.11.25"]
[Round "4"]
[White "Bastarelli, Lorenzo"]
[Black "Balzano, Filli"]
[Result "0-1"]
[WhiteElo "1356"]
[BlackElo "1440"]
[PlyCount "114"]
[EventDate "2006.11.18"]

1. e4 c6 2. d4 d5 3. Nc3 dxe4 4. Nxe4 Bf5 5. Bd3 Qxd4 6. f3 Nf6 7. Ne2 Qe5 8.
Bf4 Qa5+ 9. c3 Nxe4 10. fxe4 Bg4 11. b4 Bxe2 12. Bxe2 Qd8 13. Qxd8+ Kxd8 14.
Rd1+ Nd7 15. Bg4 e6 16. O-O Be7 17. Rf2 Ke8 18. Rfd2 Nf6 19. Bf3 Rd8 20. Bc7
Rxd2 21. Rxd2 Nd7 22. Bh5 Bg5 23. Rf2 Be3 24. Bxf7+ Ke7 25. Kf1 Bxf2 26. Kxf2
Kxf7 27. h4 Rc8 28. Bf4 Nf6 29. Kf3 Rd8 30. g4 Rd3+ 31. Ke2 Rh3 32. h5 Nxg4 33.
Kf1 Rxc3 34. Ke2 Nf6 35. h6 Nxe4 36. hxg7 Kg8 37. Be5 Rh3 38. Kf1 Ng5 39. Ke2
Nf7 40. Bf6 Rh6 41. Bd4 a6 42. a4 e5 43. Bc5 Kxg7 44. Kd3 Rh4 45. b5 cxb5 46.
axb5 axb5 47. Kc3 Rc4+ 48. Kd3 Rxc5 49. Ke4 h5 50. Kf3 Rc4 51. Ke3 h4 52. Kf2
Rc3 53. Kg2 h3+ 54. Kh2 Ng5 55. Kg1 Rc2 56. Kf1 h2 57. Ke1 h1=Q# 0-1

[Event "IX Weekend U16"]
[Site "Porto Sant'Elpidio ITA"]
[Date "2006.11.25"]
[Round "4"]
[White "Capponi, Alessio"]
[Black "Gasparini, Diletta"]
[Result "0-1"]
[WhiteElo "1440"]
[BlackElo "1431"]
[PlyCount "96"]
[EventDate "2006.11.18"]

1. e4 d6 2. Nf3 Nf6 3. Nc3 g6 4. d4 Bg7 5. e5 dxe5 6. dxe5 Qxd1+ 7. Nxd1 Ng4 8.
Bc4 Nxe5 9. Nxe5 Bxe5 10. O-O O-O 11. Re1 Bf6 12. Ne3 c6 13. h3 Bg5 14. Ng4
Bxc1 15. Raxc1 Bxg4 16. hxg4 b5 17. Bd3 e6 18. Be4 a5 19. Rcd1 Ra6 20. Rd6 Kg7
21. Re3 Kf6 22. Red3 Ke7 23. b3 f5 24. gxf5 gxf5 25. Bf3 e5 26. Rd2 e4 27. Be2
Ra7 28. c4 bxc4 29. Bxc4 Rf6 30. Rxf6 Kxf6 31. Rd8 Nd7 32. Rh8 Ne5 33. Bg8 Ra8
34. Rxh7 Rxg8 35. Ra7 f4 36. Kf1 e3 37. fxe3 fxe3 38. Rxa5 Rd8 39. Ke2 Ng4 40.
Ra4 Kf5 41. Ra5+ Kf4 42. b4 Kg3 43. b5 cxb5 44. Rxb5 Rd2+ 45. Ke1 Rxa2 46. Rb3
Kxg2 47. Rb4 Kf3 48. Rb3 Ra1+ 0-1

[Event "IX Weekend U16"]
[Site "Porto Sant'Elpidio ITA"]
[Date "2006.11.25"]
[Round "4"]
[White "Donati, Michele"]
[Black "Angeloni, Michele"]
[Result "1/2-1/2"]
[WhiteElo "1347"]
[BlackElo "1401"]
[PlyCount "79"]
[EventDate "2006.11.18"]

1. c4 e5 2. Nc3 Nf6 3. e4 Bc5 4. Nf3 Nc6 5. Be2 O-O 6. O-O d6 7. d3 Bg4 8. b3
Bxf3 9. Bxf3 Nd4 10. Bg5 h6 11. Bh4 Bb4 12. Nd5 g5 13. Bxg5 hxg5 14. Nxb4 Qd7
15. Be2 Kg7 16. Qd2 Nxe2+ 17. Qxe2 Rh8 18. Qe3 Rh5 19. h3 g4 20. Qg3 Kf8 21. h4
Ke7 22. Nc2 Rah8 23. Rfe1 Rxh4 24. Kf1 Rh1+ 25. Ke2 Nh5 26. Qe3 Rh2 27. Rg1
Nf4+ 28. Kd2 c5 29. g3 Ng2 30. Qe2 Qe6 31. Qf1 Qh6+ 32. Kc3 Qh3 33. Rd1 Rh6 34.
Rd2 Rf6 35. b4 b6 36. a4 Kd7 37. a5 Kc6 38. axb6 axb6 39. bxc5 bxc5 40. Na3
1/2-1/2

[Event "IX Weekend U16"]
[Site "Porto Sant'Elpidio ITA"]
[Date "2006.11.25"]
[Round "4"]
[White "Ferretti, Francesco Maria"]
[Black "Santanafessa, Mattia"]
[Result "1-0"]
[WhiteElo "1449"]
[BlackElo "1356"]
[PlyCount "67"]
[EventDate "2006.11.18"]

1. e4 e5 2. Nf3 Nc6 3. Nc3 d6 4. d3 Nf6 5. a3 g6 6. Bg5 Bg7 7. Nd5 O-O 8. Qd2
Be6 9. Nxf6+ Bxf6 10. Bxf6 Qxf6 11. O-O-O Bg4 12. Be2 Nd4 13. Nxd4 Bxe2 14.
Qxe2 exd4 15. Rhf1 Qe6 16. Rde1 Rae8 17. f4 f5 18. e5 Re7 19. exd6 Qxe2 20.
dxe7 Qxe1+ 21. Rxe1 Re8 22. Re5 Kf7 23. Rd5 Rxe7 24. Rxd4 Re2 25. Rd7+ Kg8 26.
Rxc7 Rxg2 27. Rxb7 Rxh2 28. Rxa7 Rh1+ 29. Kd2 Rh2+ 30. Kc3 Rf2 31. Kd4 Rxf4+
32. Ke5 Rf1 33. Kf6 Re1 34. Ra8+ 1-0

[Event "IX Weekend U16"]
[Site "Porto Sant'Elpidio ITA"]
[Date "2006.11.25"]
[Round "4"]
[White "Illuminati Petrella, Daniele"]
[Black "Binci, Filippo"]
[Result "1-0"]
[WhiteElo "1458"]
[BlackElo "1497"]
[PlyCount "111"]
[EventDate "2006.11.18"]

1. e4 d6 2. d4 Nf6 3. Nc3 g6 4. f4 Bg7 5. Nf3 Nbd7 6. Be2 c6 7. Be3 Ng4 8. Qd2
e5 9. h3 Nxe3 10. Qxe3 Qb6 11. O-O-O Bh6 12. g3 Nf6 13. Ne1 Bd7 14. Ng2 Rg8 15.
dxe5 Qxe3+ 16. Nxe3 dxe5 17. Ng4 Bxg4 18. hxg4 Bg7 19. fxe5 Nd7 20. Rxh7 Bxe5
21. Bc4 Rf8 22. Bxf7+ Rxf7 23. Rxf7 Kxf7 24. Rxd7+ Kf6 25. Rxb7 Bxg3 26. Ne2
Be5 27. Rb4 Rc8 28. Ra4 Rc7 29. Nd4 Bf4+ 30. Kd1 Rd7 31. Ke2 c5 32. Nb3 Rc7 33.
Rc4 Bd6 34. Kf3 g5 35. Nc1 Be5 36. Nd3 Bd4 37. c3 Bg1 38. b4 a6 39. Nxc5 Ra7
40. Nd3 Bh2 41. e5+ Bxe5 42. Rc6+ Kg7 43. Nxe5 a5 44. b5 Rb7 45. b6 Kf8 46.
Rc8+ Ke7 47. Rc7+ Rxc7 48. bxc7 Kd6 49. c8=Q Kxe5 50. Qc5+ Ke6 51. Ke4 Kf6 52.
Qc6+ Kf7 53. Kf5 Kg7 54. Qg6+ Kf8 55. Qh7 Ke8 56. Ke6 1-0

[Event "IX Weekend U16"]
[Site "Porto Sant'Elpidio ITA"]
[Date "2006.11.25"]
[Round "4"]
[White "Marconi, Luca"]
[Black "Zucca, Edoardo"]
[Result "0-1"]
[WhiteElo "1527"]
[BlackElo "1374"]
[PlyCount "104"]
[EventDate "2006.11.18"]

1. d4 d5 2. e3 Nc6 3. Bd3 Nf6 4. Nf3 Nb4 5. Nc3 Nxd3+ 6. Qxd3 e6 7. O-O Bd6 8.
Nb5 O-O 9. Nxd6 Qxd6 10. b3 Bd7 11. a4 Rfe8 12. Ba3 Qb6 13. Bc5 Qa6 14. Qxa6
bxa6 15. Ne5 a5 16. f3 c6 17. c4 a6 18. Bb6 Rab8 19. c5 Rec8 20. Rab1 Be8 21.
Bxa5 Nd7 22. Nd3 f6 23. Rb2 Rb7 24. Rfb1 Bg6 25. Rd1 Rcb8 26. b4 e5 27. Kf2 h6
28. g3 Bh7 29. f4 Bxd3 30. Rxd3 e4 31. Rdb3 g5 32. Kg2 f5 33. Kh3 g4+ 34. Kh4
Nf6 35. h3 Kg7 36. Bb6 Kg6 37. b5 Nh7 38. bxc6 Ng5 39. hxg4 Nf3+ 40. Kh3 Rh7
41. Kg2 h5 42. gxf5+ Kxf5 43. c7 Rg8 44. Rb1 Rhg7 45. Rh1 Rxg3+ 46. Kf2 Rg2+
47. Kf1 Nd2+ 48. Ke1 Nxb3 49. Rxh5+ Kg4 50. Rxd5 Kf3 51. Rg5 Rg1+ 52. Rxg1
Rxg1# 0-1

[Event "IX Weekend U16"]
[Site "Porto Sant'Elpidio ITA"]
[Date "2006.11.25"]
[Round "4"]
[White "Miandro, Steven"]
[Black "Marconi, Gabriele"]
[Result "1-0"]
[WhiteElo "1497"]
[BlackElo "1404"]
[PlyCount "65"]
[EventDate "2006.11.18"]

1. d4 e5 2. d5 Nf6 3. c4 d6 4. Nc3 g6 5. e4 Bg7 6. f3 O-O 7. Be3 c6 8. Qd2 Na6
9. O-O-O Qa5 10. dxc6 bxc6 11. Qxd6 Bb7 12. Qd2 Rfd8 13. Qe2 Nb4 14. Kb1 Rxd1+
15. Qxd1 Rd8 16. Qb3 Bc8 17. Nge2 Rd3 18. Bxa7 Qxa7 19. Qxb4 Qf2 20. Nc1 Qe1
21. Bxd3 Qxh1 22. Qb8 Bh6 23. Qxc8+ Kg7 24. N3e2 Qf1 25. Qxc6 Bxc1 26. Nxc1
Qxg2 27. c5 Nh5 28. Qd6 Qxh2 29. c6 Qh3 30. c7 Qc8 31. Qd8 Qxd8 32. cxd8=Q Nf4
33. Bc4 1-0

[Event "IX Weekend U16"]
[Site "Porto Sant'Elpidio ITA"]
[Date "2006.11.25"]
[Round "4"]
[White "Tommasi, Fabio"]
[Black "Bastarelli, Marco"]
[Result "1-0"]
[WhiteElo "1419"]
[BlackElo "1452"]
[PlyCount "91"]
[EventDate "2006.11.18"]

1. e4 e5 2. Nf3 Nc6 3. Bc4 Nf6 4. Nc3 Bb4 5. d3 O-O 6. Bd2 Bxc3 7. Bxc3 d6 8.
h3 Bd7 9. O-O b6 10. Re1 h6 11. d4 exd4 12. Nxd4 Nxd4 13. Bxd4 Bc6 14. Bxf6
Qxf6 15. c3 Rfe8 16. Bd5 Bxd5 17. Qxd5 Rac8 18. Qb7 a5 19. f3 Qe5 20. Qd5 Qxd5
21. exd5 Rxe1+ 22. Rxe1 c5 23. a4 c4 24. Re4 f5 25. Re6 Rd8 26. g4 fxg4 27.
hxg4 Kf7 28. Re4 Rc8 29. Kf2 Rc5 30. Rd4 Kf6 31. f4 g5 32. Ke3 b5 33. axb5 Rxb5
34. Rxc4 Rxd5 35. Ke4 Rb5 36. Rd4 Rxb2 37. Rxd6+ Ke7 38. Rxh6 a4 39. Ra6 Ra2
40. fxg5 Kf7 41. c4 Re2+ 42. Kd4 Rd2+ 43. Kc3 Rg2 44. Rxa4 Rxg4 45. Ra5 Ke6 46.
Rd5 1-0

[Event "IX Weekend U16"]
[Site "Porto Sant'Elpidio ITA"]
[Date "2006.11.26"]
[Round "5"]
[White "Angeloni, Michele"]
[Black "Marconi, Luca"]
[Result "0-1"]
[WhiteElo "1401"]
[BlackElo "1527"]
[PlyCount "70"]
[EventDate "2006.11.18"]

1. e4 d6 2. Nf3 Nf6 3. Nc3 g6 4. Bc4 Bg7 5. O-O O-O 6. d4 Nbd7 7. Be3 c6 8. Qd2
Qc7 9. Bf4 b5 10. Bb3 Rd8 11. Bh6 e5 12. Bxg7 Kxg7 13. Ng5 Rf8 14. d5 h6 15.
Nf3 b4 16. Ne2 c5 17. c3 Nxe4 18. Qe3 Nef6 19. cxb4 cxb4 20. Rac1 Qb7 21. Rfd1
Nb6 22. Qd2 a5 23. a3 a4 24. Bc4 b3 25. h3 Bf5 26. Nc3 Nxc4 27. Qe2 Rac8 28.
Nh4 Bc2 29. Rf1 Nxb2 30. Nb5 Bd3 31. Nxd6 Bxe2 32. Nxb7 Bxf1 33. Rxf1 Nd3 34.
Rb1 Rc1+ 35. Rxc1 Nxc1 0-1

[Event "IX Weekend U16"]
[Site "Porto Sant'Elpidio ITA"]
[Date "2006.11.26"]
[Round "5"]
[White "Binci, Filippo"]
[Black "Balzano, Filli"]
[Result "1-0"]
[WhiteElo "1497"]
[BlackElo "1440"]
[PlyCount "113"]
[EventDate "2006.11.18"]

1. c4 c6 2. Nc3 d5 3. b3 Nf6 4. g3 Bf5 5. d4 e6 6. Bg2 Bb4 7. Bb2 Nbd7 8. e3
O-O 9. Nge2 Re8 10. a3 Bxc3+ 11. Nxc3 Qc7 12. O-O Rad8 13. Rc1 Qd6 14. c5 Qc7
15. b4 b5 16. Re1 a6 17. e4 dxe4 18. Nxe4 a5 19. Nd6 Rf8 20. f3 Bg6 21. Bc3
axb4 22. axb4 Ne8 23. Ne4 Nef6 24. Ra1 Nxe4 25. fxe4 Ra8 26. Bd2 Ra7 27. Bf4
Qb7 28. Bd6 Rfa8 29. Rxa7 Rxa7 30. Qf3 Ra4 31. Qc3 h6 32. Ra1 Rxa1+ 33. Qxa1
Nf6 34. Qe1 Qd7 35. Bf3 Ne8 36. e5 Nc7 37. h3 Nd5 38. Be4 Bxe4 39. Qxe4 Nxb4
40. Qb1 Nd5 41. Kf2 f6 42. h4 Kf7 43. h5 Ke8 44. Qa2 Ne7 45. Kg2 Nf5 46. Qa8+
Qd8 47. Qxc6+ Qd7 48. Qa8+ Qd8 49. Qa1 Qd7 50. Kf2 Qc6 51. Qa7 Qd7 52. Qb8+ Qd8
53. Qxb5+ Qd7 54. c6 Qc8 55. c7+ Kf7 56. Qb8 Qxb8 57. cxb8=Q 1-0

[Event "IX Weekend U16"]
[Site "Porto Sant'Elpidio ITA"]
[Date "2006.11.26"]
[Round "5"]
[White "Binci, Luca"]
[Black "Tommasi, Fabio"]
[Result "1-0"]
[WhiteElo "1473"]
[BlackElo "1419"]
[PlyCount "78"]
[EventDate "2006.11.18"]

1. d4 d5 2. Nf3 Nf6 3. e3 Bf5 4. b3 e6 5. Bb2 Nc6 6. a3 a6 7. Be2 Be7 8. O-O
O-O 9. c4 Be4 10. Nc3 Re8 11. Rc1 Qd7 12. Ne5 Qd6 13. Nxe4 Nxe4 14. c5 Qd8 15.
Nxc6 bxc6 16. Bf3 Ng5 17. Be2 Bf6 18. Re1 e5 19. b4 Ne4 20. Bf3 Ng5 21. Be2 Ne4
22. Bf1 Qd7 23. g3 a5 24. Ra1 g6 25. Bg2 Ng5 26. e4 exd4 27. Bxd4 Bxd4 28. Qxd4
Red8 29. exd5 cxd5 30. Rad1 c6 31. Qd2 Ne6 32. Bh3 Kg7 33. Qe3 Re8 34. Qe5+ Kf8
35. Bxe6 Qxe6 36. Qh8+ Ke7 37. Rxe6+ Kxe6 38. Re1+ Kd7 39. Rxe8 Rxe8 1-0

[Event "IX Weekend U16"]
[Site "Porto Sant'Elpidio ITA"]
[Date "2006.11.26"]
[Round "5"]
[White "Gasparini, Diletta"]
[Black "Miandro, Steven"]
[Result "1-0"]
[WhiteElo "1431"]
[BlackElo "1497"]
[PlyCount "59"]
[EventDate "2006.11.18"]

1. e4 c5 2. Nf3 d6 3. d4 cxd4 4. Qxd4 Nf6 5. e5 Nfd7 6. Bb5 Nc6 7. Bxc6 bxc6 8.
Bf4 Qb6 9. exd6 exd6 10. Qxb6 Nxb6 11. Nbd2 Be7 12. O-O-O Nd5 13. Bg3 Bf5 14.
c3 c5 15. Nc4 Be6 16. Nxd6+ Bxd6 17. Bxd6 Nf6 18. Rhe1 Kd7 19. Be5+ Kc6 20.
Rd6+ Kb5 21. Bxf6 gxf6 22. b3 Rad8 23. Red1 Rxd6 24. Rxd6 Rg8 25. g3 Rg4 26.
Nd2 h5 27. f3 Rg6 28. f4 h4 29. f5 Bxf5 30. a4+ 1-0

[Event "IX Weekend U16"]
[Site "Porto Sant'Elpidio ITA"]
[Date "2006.11.26"]
[Round "5"]
[White "Giampieri, Stefano"]
[Black "Donati, Michele"]
[Result "0-1"]
[WhiteElo "1410"]
[BlackElo "1347"]
[PlyCount "100"]
[EventDate "2006.11.18"]

1. e4 c5 2. Nf3 Nc6 3. b3 e5 4. Bb2 d6 5. Bb5 Bd7 6. O-O Nf6 7. Nc3 g6 8. h3
Bg7 9. Re1 O-O 10. Nd5 Nxd5 11. exd5 Ne7 12. Bxd7 Qxd7 13. c4 b5 14. d3 e4 15.
Bxg7 Kxg7 16. dxe4 bxc4 17. bxc4 Kg8 18. Rb1 Rab8 19. Qd2 Rb7 20. Qc2 Rfb8 21.
Nd2 f5 22. exf5 Nxf5 23. Ne4 Kf8 24. Nf6 Qf7 25. Ne4 Qd7 26. Nd2 Nd4 27. Qe4
Qa4 28. Rxb7 Rxb7 29. Rb1 Rxb1+ 30. Qxb1 Ne2+ 31. Kh2 Nc3 32. Qb8+ Ke7 33. Qb7+
Kf6 34. f3 Qxa2 35. Ne4+ Nxe4 36. fxe4 Qxc4 37. Qxa7 Qxe4 38. Qxh7 Qxd5 39.
Qh4+ Qg5 40. Qf2+ Ke5 41. h4 Qf4+ 42. g3 Qxf2+ 43. Kh3 c4 44. g4 Qf3+ 45. Kh2
Qxg4 46. h5 Qxh5+ 47. Kg1 Qe2 48. Kh1 c3 49. Kg1 c2 50. Kh1 c1=Q# 0-1